000 01151cam a2200241 4500
001 ##L134226
008 060718n2006 000 0 eng u
020 _a0110738853
035 _a(Sirsi) u134226
041 0 _aeng
245 0 0 _aPublic procurement
_bEngland and Wales
_bPublic procurement
_bNorthern Ireland
_bThe public contracts regulations 2006
260 _aLondon
_bTSO
_c2006
490 _a(SI
_v5 2006)
520 _aThese regulations, which came into effect on 31 January 2006, implement the new Public Sector Procurement Directive 2004/18/EC, which contains revised rules for the procurement of supplies, works and services, above certain thresholds, by public authorities, and re-enact the provisions of existing directive 89/665/EEC, on remedies for public sector procurement.
650 2 4 _aPUBLIC CONTRACTS REGULATIONS 2006
650 2 4 _aDIRECTIVE 2004/18/EC
650 2 4 _aDIRECTIVE 89/665/EEC
651 4 _aEngland and Wales
_y1543-
651 4 _aNORTHERN IRELAND
690 _aProcurement
_96260
856 4 1 _uhttps://www.opsi.gov.uk/si/si2006/20060005.htm
_zView the item free of charge at www.opsi.gov.uk/...
942 _n0
999 _c105601
_d105601